| 000 | 00339nam a22001337a 4500 | ||
|---|---|---|---|
| 020 | _a9789381714614 | ||
| 082 |
_a664 _bADA/FO |
||
| 100 |
_aAdam M. _91165 |
||
| 100 |
_aDick,M _91166 |
||
| 245 | _aFood Microbiology: An Introduction | ||
| 260 |
_aNew Delhi _bMedtec - Scientific International Pvt. Ltd _c2014 |
||
| 300 | _a418 | ||
| 942 | _cBK | ||
| 999 |
_c14665 _d14665 |
||